Phương pháp tính toán dự báo lượng phát thải khí CO2 trong lĩnh vực sản xuất gạch ngói, gốm sứ ở Việt Nam

Giới thiệu tổng quan các phương pháp tính toán dự báo lượng phát thải khí CO2. Cơ sở khoa học và thực tiễn của việc lựa chọn phương pháp tính toán, các bước tính toán và xây dựng phần mềm tính toán dự báo lượng phát thải khí CO2 trong...

Disgrifiad llawn

Wedi'i Gadw mewn:
Manylion Llyfryddiaeth
Prif Awdur: Nguyễn Đức Lượng
Awduron Eraill: Nguyễn Thành Trung
Fformat: Llyfr
Iaith:Vietnamese
Cyhoeddwyd: H. Xây dựng 2015
Pynciau:
Tagiau: Ychwanegu Tag
Dim Tagiau, Byddwch y cyntaf i dagio'r cofnod hwn!
Thư viện lưu trữ: Thư viện Trường Đại học Nam Cần Thơ
LEADER 01957aam a22002538a 4500
001 NCT_18820
008 150713s2015 ||||||viesd
999 |c 891  |d 891 
020 |a 9786048215941  |c 59000 
082 0 4 |2 23rd ed.  |a 628.53  |b Ph561 
100 1 |a Nguyễn Đức Lượng 
245 1 0 |a Phương pháp tính toán dự báo lượng phát thải khí CO2 trong lĩnh vực sản xuất gạch ngói, gốm sứ ở Việt Nam  |c Nguyễn Đức Lượng, Nguyễn Thành Trung 
260 |a H.  |b Xây dựng  |c 2015 
300 |a 98tr.  |b minh hoạ  |c 21cm 
500 |a ĐTTS ghi: Bộ Tài nguyên và Môi trường; Bộ Giáo dục và Đào tạo 
520 3 |a Giới thiệu tổng quan các phương pháp tính toán dự báo lượng phát thải khí CO2. Cơ sở khoa học và thực tiễn của việc lựa chọn phương pháp tính toán, các bước tính toán và xây dựng phần mềm tính toán dự báo lượng phát thải khí CO2 trong lĩnh vực sản xuất gạch ngói, gốm sứ ở Việt Nam 
653 |a kỹ thuật môi trường 
700 1 |a Nguyễn Thành Trung 
942 |2 ddc  |c BK 
952 |0 0  |1 0  |2 ddc  |4 0  |6 628_530000000000000_PH561  |7 0  |9 5429  |a 000001  |b 000001  |d 2017-12-04  |o 628.53 Ph561  |p MD.03296  |r 2017-12-04  |v 59000.00  |w 2017-12-04  |y BK 
952 |0 0  |1 0  |2 ddc  |4 0  |6 628_530000000000000_PH561  |7 0  |9 5430  |a 000001  |b 000001  |d 2017-12-04  |o 628.53 Ph561  |p MD.03297  |r 2017-12-04  |v 59000.00  |w 2017-12-04  |y BK 
952 |0 0  |1 0  |2 ddc  |4 0  |6 628_530000000000000_PH561  |7 0  |9 5431  |a 000001  |b 000001  |d 2017-12-04  |o 628.53 Ph561  |p MD.03298  |r 2017-12-04  |v 59000.00  |w 2017-12-04  |y BK 
952 |0 0  |1 0  |2 ddc  |4 0  |6 628_530000000000000_PH561  |7 0  |9 5432  |a 000001  |b 000001  |d 2017-12-04  |o 628.53 Ph561  |p MD.03299  |r 2017-12-04  |v 59000.00  |w 2017-12-04  |y BK 
980 |a Thư viện Trường Đại học Nam Cần Thơ